• 首页
  • 本馆介绍
  • 公告通知
  • 最新文献
  • 馆藏检索
  • 电子资源
  • 读者导购
  • 参考咨询
  • 我的图书馆
  • 登录
  • 详细信息显示
  • 放入我的书架
  • 预约/预借图书
  • 作者相关作品
  • 分类相关作品
  • 丛书相关作品
  • 出版社相关作品

书目信息

  • 表格格式
  • 工作单格式
  • 卡片格式
题名:
超高周疲劳与断裂
    
 
作者: 程礼 编著
分册:  
出版信息: 北京   国防工业出版社  2017.3
页数: 174页
开本: 26cm
丛书名:
单 册:
中图分类: O346.1
科图分类:
主题词: 疲劳断裂
电子资源:
ISBN: 978-7-118-11210-8
000 00954nam0 2200253 450
001 0400001528
005 20171018160420.0
010    @a978-7-118-11210-8@dCNY98.00
100    @a20170524e2017 em y0chiy50 ea
101 0  @achi
102    @aCN@b110000
105    @aa z 000yy
106    @ar
200 1  @a超高周疲劳与断裂@9chao gao zhou pi lao yu duan lie@dVery high cycle fatigue and fracture@f程礼[等]编著@zeng
210    @a北京@c国防工业出版社@d2017.3
215    @a174页@c图@d26cm
304    @a编著者还有:焦胜博、李全通、陈皎
330    @a自20世纪80年代日本科学家发现中碳钢超高周疲劳行为以来,引起了世界各国学者高度重视。本书在梳理总结国内外研究成果的基础上,系统介绍试验方法和特点,阐明科学概念和机理规律,展望学科未来的发展方向。
510 1  @aVery high cycle fatigue and fracture@zeng
606 0  @a疲劳断裂
690    @aO346.1@v5
701  0 @a程礼@9cheng li@4编著
801  0 @aCN@b91MARC@c20171018
905    @b1025336-40@dO346.1@f5@e13
    
    超高周疲劳与断裂=Very high cycle fatigue and fracture/程礼[等]编著.-北京:国防工业出版社,2017.3
    174页:图;26cm
    
    
    ISBN 978-7-118-11210-8:CNY98.00
    自20世纪80年代日本科学家发现中碳钢超高周疲劳行为以来,引起了世界各国学者高度重视。本书在梳理总结国内外研究成果的基础上,系统介绍试验方法和特点,阐明科学概念和机理规律,展望学科未来的发展方向。
●
相关链接 在E读中查询图书 在五车中查询图书 在当当中查询图书 在豆瓣中查询图书


正题名:超高周疲劳与断裂     索取号:O346.1/13         预约/预借

序号 登录号 条形码 馆藏地/架位号 状态 备注
1 1025336   210253367   第二样本阅览室/ [索取号:O346.1/13] 在馆    
2 1025337   210253376   第三借阅区/ [索取号:O346.1/13] 在馆    
3 1025338   210253385   第三借阅区/ [索取号:O346.1/13] 在馆    
4 1025339   210253394   第三借阅区/ [索取号:O346.1/13] 在馆    
5 1025340   210253401   数信系资料室/ [索取号:O346.1/13] 在馆    
唐山师范学院图书馆 欢迎您!
大连网信软件有限公司© 版权所有